LEADER 01117nam a2200253 i 4500 001 991003666769707536 005 20251029094035.0 008 220620s2017 it er 001 e ita d 020 $a20380313 035 $ab14368560-39ule_inst 040 $aDip.to di Storia, Società e Studi sull'Uomo$bita 082 04$a850.9002 245 00$aAntonio de Ferrariis Galateo :$bl'Erasmo di Terra d'Otranto a cinquecento anni dalla morte (1517-1917) : atti del Convegno di studi (Lecce, 31 maggio-1 giugno 2017) 260 $aLecce :$bUniversità del Salento,$c2017 300 $a336 p ;$c24 cm 490 0 $aL'Idomeneo : rivista della Società di storia patria per la Puglia. Sezione di Lecce ;$v23 500 $aNumero monografico di: L'Idomeneo, 23, 2017 600 14$aDe Ferrariis, Antonio$vAtti di congressi$zLecce$y2017 907 $a.b14368560$b26-09-19$c20-06-19 912 $a991003666769707536 945 $aLE023 Per. 900 IDO$g1$lle023$og$pE0.00$q-$rn$so$t0$u0$v0$w0$x0$y.i15903709$z26-09-19 996 $aAntonio de Ferrariis Galateo$94452144 997 $aUNISALENTO 998 $ale023$b20-06-19$cm$da$e-$fita$git$h0$i0 LEADER 02375oam 2200637 a 450 001 9910963156903321 005 20260213175030.0 010 $a9798400645808 010 $a9780313003028 010 $a0313003025 024 7 $a10.5040/9798400645808 035 $a(CKB)111056485428104 035 $a(EBL)269099 035 $a(OCoLC)55149771 035 $a(SSID)ssj0000147000 035 $a(PQKBManifestationID)11155858 035 $a(PQKBTitleCode)TC0000147000 035 $a(PQKBWorkID)10010719 035 $a(PQKB)10429891 035 $a(Au-PeEL)EBL269099 035 $a(CaPaEBR)ebr10020862 035 $a(MiAaPQ)EBC269099 035 $a(DLC)BP9798400645808BC 035 $a(Perlego)4202295 035 $a(OCoLC)41118443 035 $a(EXLCZ)99111056485428104 100 $a19990325e20002024 uy 0 101 0 $aeng 135 $aur|n|---||||| 181 $ctxt 182 $cc 183 $acr 200 14$aThe end of internationalism $eor world governance? /$fJ. Ørstrøm Møller ; foreword by Jacques Santer 205 $a1st ed. 210 1$aWestport, Conn. :$cPraeger,$dc2000. 210 2$aLondon :$cBloomsbury Publishing,$d2024 215 $a1 online resource (221 p.) 300 $aDescription based upon print version of record. 311 08$a9780275967017 311 08$a0275967018 320 $aIncludes bibliographical references (p. [195]-196) and index. 327 $aPreliminaries; Contents; Preface; 1 Prelude; 2 Perspective The Flywheels; 3 Perspective The Actors; 4 Security Policy; 5 The Political Enterprise; 6 A World Model Some Obsolete Concepts; 7 A World Model A Sketch; 8 The Alternatives; Selected Bibliography; Index 330 $aThis work examines some of the major trends in the world system as we approach the new millennium: the stresses of globalization, the future role of the nation-state, the free-market system versus state-managed capitalism, and democratic pluralism versus Asian/Islamic/African/and other values. 606 $aInternationalism 606 $aNationalism 615 0$aInternationalism. 615 0$aNationalism. 676 $a327.1/7 700 $aMøller$b J. Ørstrøm$01090121 801 0$bDLC 801 1$bDLC 801 2$bDLC 906 $aBOOK 912 $a9910963156903321 996 $aThe end of internationalism$94336193 997 $aUNINA